| 000 | 00999nam a2200277Ia 4500 | ||
|---|---|---|---|
| 003 | OSt | ||
| 005 | 20221005110016.0 | ||
| 006 | a|||||r|||| 00| 0 | ||
| 007 | ta | ||
| 008 | 221004b |||||||| |||| 00| 0 hin d | ||
| 020 |
_a9788172018207 (pbk) _cINR 100.00 |
||
| 024 | _a37458 | ||
| 037 |
_bBW/1665, 14/03/2018, Bookwell _cTextual |
||
| 040 |
_aCRL _cCRL _bhin |
||
| 041 |
_2hin _ahin |
||
| 082 | _aO111,3NAC,JK, 152N6 | ||
| 100 | _aअचेबे, चिनुआ, ले. | ||
| 245 | 0 | _aजनता का आदमी | |
| 246 | _aJanatā kā ādamī | ||
| 260 |
_aनई दिल्ली _bसाहित्य अकादेमी भारत _c1996 |
||
| 300 |
_a153पृ0 _ccm. |
||
| 650 | _a अंग्रेजी साहित्य | ||
| 650 | _aअंग्रेजी कहानी | ||
| 942 |
_hO111,3NAC,JK, 152N6 _cTEXL _2cc |
||
| 999 |
_c1017512 _d1017512 |
||